Bearded Dragon Species - Statistics

General Stats
  • This quiz has been taken 59 times
  • The average score is 4 of 8
Answer Stats
Scientific name Common name % Correct
Pogona barbata Eastern bearded dragon
74%
Pogona vitticeps Central bearded dragon
68%
Pogona minor Dwarf bearded dragon
68%
Pogona minima Western bearded dragon
68%
Pogona nullarbor Nullarbor bearded dragon
47%
Pogona microlepidota Kimberley bearded dragon
32%
Pogona henrylawsoni Rankin's dragon
21%
Pogona mitchelli North-west bearded dragon
16%
No matching quizzes found
Score Distribution
Percent of People with Each Score
Percentile by Number Answered
Your Score History
You have not taken this quiz